Výtvarní umělci kraje Karl-Marx-Stadt : akvarely, grafiky, plastiky : Severočeská galerie výtvarného umění v Litoměřicích, září 1978 : Dny kultury Německé demokratické republiky : katalog výstavy

Korporativní autor: Severočeská galerie výtvarného umění (Litoměřice, Česko)
Jazyk: Čeština
Vydáno: Litoměřice : Severočeská galerie výtvarného umění, 1978
Fyzický popis: 1 složený l.
Knihy
Uloženo v:
LEADER 00837nam a2200181 a 4500
001 000630724
003 CZ BrMZK
005 20071008150412.0
008 021016s1978 xr f cze d
040 |a BOA001  |b cze  |c BOA001 
245 0 0 |a Výtvarní umělci kraje Karl-Marx-Stadt :  |b akvarely, grafiky, plastiky : Severočeská galerie výtvarného umění v Litoměřicích, září 1978 : Dny kultury Německé demokratické republiky : katalog výstavy 
246 3 3 |a Akvarely, grafiky, plastiky 
260 |a Litoměřice :  |b Severočeská galerie výtvarného umění,  |c 1978 
300 |a 1 složený l. 
710 2 |a Severočeská galerie výtvarného umění (Litoměřice, Česko)  |7 kn20020321436 
910 |a BOA001  |b X2-0794.645 
990 |a BK 
996 6 |b 2618855706  |c X2-0794.645  |l MZK  |r Sklad / do 24 hodin  |n 0  |w 000630724  |u 000010  |a 1  |e BOA001  |j MZK50  |s P